000 00906nam a22002417a 4500
003 SISC
005 20180723142231.0
008 180723b xxu||||| |||| 00| 0 eng d
020 _a9789719806073
050 _aQA 303
_b.E437 2017
100 _aEgarguin, Neil Jerome
245 _aBasic calculus for senior high school /
_cNeil Jerome A. Egarguin, Lauro L. Fontanil, Vernel M. Lawas ; Alleli Ester Domingo, coordinator.
260 _aQuezon City:
_bC & E Publishing,
_cc2017.
300 _aviii, 281 pages :
_billustrations ;
_c26 cm.
500 _aIncludes index and bibliographical references.
650 _2National Library of the Philippines
_aCalculus, Integral
650 _2National Library of the Philippines
_aMathematical readiness
700 _aFontanil, Lauro L.
700 _aDomingo, Alleli Ester
_ecoordinator
700 _aLawas, Vernel M.
942 _2lcc
_cBK
999 _c358162
_d358162